[Event "CZE-ch U12 Girls"]
[Site "Kouty nad Desnou"]
[Date "2024.03.14"]
[Round "7"]
[White "Levchenko, Alisa"]
[Black "Lickova, Anna"]
[Result "1/2-1/2"]
[WhiteElo "1550"]
[BlackElo "1680"]
[PlyCount "81"]
[EventDate "2024.03.09"]
[EventType "swiss"]
[EventRounds "9"]
[EventCountry "CZE"]
[SourceTitle "CB12_2024"]
[SourceDate "2023.10.01"]
[SourceVersion "1"]
[SourceVersionDate "2023.10.01"]
[SourceQuality "1"]

1. d4 d5 2. c4 dxc4 3. Nf3 Nf6 4. e3 e6 5. Bxc4 c5 6. 0-0 a6 7. dxc5 Qxd1 8. Rxd1 Bxc5 9. a3 b5 10. Be2 0-0 11. b4 Be7 12. Bb2 Nc6 13. Nbd2 Rd8 14. Nb3 Bb7 15. Nfd4 Nxd4 16. Bxd4 Rac8 17. Rac1 Nd5 18. Nc5 Bxc5 19. Rxc5 Rxc5 20. Bxc5 Re8 21. Bf3 Nc3 22. Rd6 Bxf3 23. gxf3 Ra8 24. Bd4 Ne2+ 25. Kg2 Nxd4 26. Rxd4 h6 27. Rd6 Kf8 28. Kg3 Ke7 29. Rc6 Kd7 30. Rc5 Rc8 31. Rxc8 Kxc8 32. Kf4 Kd7 33. Ke5 f6+ 34. Kd4 Kd6 35. f4 g6 36. h4 h5 37. e4 f5 38. exf5 gxf5 39. f3 Kd7 40. Kd3 Kc6 41. Kc3 1/2-1/2

[Event "CZE-ch U12 Girls"]
[Site "Kouty nad Desnou"]
[Date "2024.03.13"]
[Round "6"]
[White "Lickova, Anna"]
[Black "Kusova, Nikola"]
[Result "1-0"]
[WhiteElo "1680"]
[BlackElo "1562"]
[PlyCount "62"]
[EventDate "2024.03.09"]
[EventType "swiss"]
[EventRounds "9"]
[EventCountry "CZE"]
[SourceTitle "CB12_2024"]
[SourceDate "2023.10.01"]
[SourceVersion "1"]
[SourceVersionDate "2023.10.01"]
[SourceQuality "1"]

1. d4 d5 2. c4 e6 3. Nf3 c5 4. cxd5 exd5 5. Nc3 Nc6 6. dxc5 d4 7. Na4 Bxc5 8. Nxc5 Qa5+ 9. Qd2 Qxc5 10. a3 a6 11. b4 Qb6 12. Bb2 Bg4 13. Nxd4 Rd8 14. e3 Nf6 15. f3 Bh5 16. Bc4 Ne5 17. Rc1 Bxf3 18. 0-0 Bc6 19. Qe2 Bd7 20. Nf5 Bxf5 21. Bxe5 Bg6 22. Bxf6 gxf6 23. Kh1 0-0 24. Qf3 f5 25. h4 h6 26. h5 Bh7 27. Qg3+ Kh8 28. Qe5+ Kg8 29. Rf3 Rfe8 30. Rg3+ Kf8 31. Qg7+ Ke7 1-0

[Event "CZE-ch U12 Girls"]
[Site "Kouty nad Desnou"]
[Date "2024.03.12"]
[Round "5"]
[White "Stepankova, Linda"]
[Black "Lickova, Anna"]
[Result "1-0"]
[WhiteElo "1592"]
[BlackElo "1680"]
[PlyCount "143"]
[EventDate "2024.03.09"]
[EventType "swiss"]
[EventRounds "9"]
[EventCountry "CZE"]
[SourceTitle "CB12_2024"]
[SourceDate "2023.10.01"]
[SourceVersion "1"]
[SourceVersionDate "2023.10.01"]
[SourceQuality "1"]

1. e4 c5 2. c4 Nc6 3. Ne2 g6 4. Nbc3 Bg7 5. d3 d6 6. g3 Nf6 7. Bg2 e6 8. 0-0 0-0 9. f4 Ne8 10. Rb1 Nc7 11. a3 Rb8 12. Be3 Nd4 13. Bd2 a6 14. Nxd4 Bxd4+ 15. Kh1 Bg7 16. Ne2 b5 17. Bc3 f6 18. Qc2 b4 19. axb4 cxb4 20. Bd2 f5 21. b3 a5 22. Be3 Bd7 23. Qd2 Na6 24. d4 a4 25. bxa4 Qc8 26. Rfc1 Bxa4 27. e5 dxe5 28. fxe5 Rd8 29. Qa2 Be8 30. c5 Bc6 31. Bg5 Bxg2+ 32. Kxg2 Qc6+ 33. Kf2 Re8 34. Bd2 Rb7 35. Nf4 Kh8 36. Nd3 Reb8 37. Rc4 b3 38. Qa4 Qxa4 39. Rxa4 Nc7 40. Rb4 Nd5 41. Rxb7 Rxb7 42. Nc1 b2 43. Nd3 Rb3 44. Ke2 Nc3+ 45. Bxc3 Rxc3 46. Rxb2 Bh6 47. Nf4 Bxf4 48. gxf4 Kg8 49. Rb8+ Kg7 50. Rb7+ Kg8 51. Re7 Rh3 52. Rxe6 Rxh2+ 53. Ke3 Rh3+ 54. Kf2 Rh2+ 55. Kg3 Rd2 56. Rd6 Rd3+ 57. Kh4 Kg7 58. Rd7+ Kg8 59. c6 Rc3 60. c7 Kf8 61. Rd8+ Ke7 62. c8Q Rxc8 63. Rxc8 Ke6 64. Rc7 h6 65. Rc6+ Ke7 66. Rxg6 Kf7 67. Rxh6 Ke7 68. d5 Kd7 69. Rh7+ Kd8 70. e6 Ke8 71. d6 Kd8 72. Rh8# 1-0

[Event "CZE-ch U12 Girls"]
[Site "Kouty nad Desnou"]
[Date "2024.03.11"]
[Round "3"]
[White "Najdkova, Laura"]
[Black "Lickova, Anna"]
[Result "0-1"]
[WhiteElo "1509"]
[BlackElo "1680"]
[PlyCount "44"]
[EventDate "2024.03.09"]
[EventType "swiss"]
[EventRounds "9"]
[EventCountry "CZE"]
[SourceTitle "CB12_2024"]
[SourceDate "2023.10.01"]
[SourceVersion "1"]
[SourceVersionDate "2023.10.01"]
[SourceQuality "1"]

1. e4 c5 2. Nf3 e6 3. d4 cxd4 4. Nxd4 Nf6 5. Nc3 Nc6 6. Be3 Bb4 7. Bd3 d5 8. f3 0-0 9. 0-0 Bc5 10. Nce2 e5 11. Nf5 Qb6 12. Bxc5 Qxc5+ 13. Kh1 Bxf5 14. exf5 e4 15. fxe4 dxe4 16. Ng3 exd3 17. Qxd3 Ng4 18. Ne4 Qe5 19. Ng3 Qe3 20. Qd5 Nf2+ 21. Kg1 Nh3+ 22. Kh1 Qg1+ 0-1

[Event "CZE-ch U12 Girls"]
[Site "Kouty nad Desnou"]
[Date "2024.03.09"]
[Round "1"]
[White "Hujova, Tess"]
[Black "Lickova, Anna"]
[Result "1/2-1/2"]
[WhiteElo "1472"]
[BlackElo "1680"]
[PlyCount "97"]
[EventDate "2024.03.09"]
[EventType "swiss"]
[EventRounds "9"]
[EventCountry "CZE"]
[SourceTitle "CB12_2024"]
[SourceDate "2023.10.01"]
[SourceVersion "1"]
[SourceVersionDate "2023.10.01"]
[SourceQuality "1"]

1. e4 e5 2. Nf3 Nf6 3. Nc3 Nc6 4. d4 exd4 5. Nxd4 Nxe4 6. Nxe4 Qe7 7. f3 d5 8. Nxc6 bxc6 9. Bd3 dxe4 10. fxe4 g6 11. 0-0 Bg7 12. Qf3 0-0 13. Rb1 Be6 14. b3 f5 15. exf5 Bxf5 16. Bxf5 Rxf5 17. Qe3 Rxf1+ 18. Kxf1 Rf8+ 19. Ke2 Re8 20. Qxe7 Rxe7+ 21. Kf1 Bd4 22. Ba3 Rf7+ 23. Ke2 c5 24. Rf1 Re7+ 25. Kd3 Re3+ 26. Kd2 Re6 27. Rf3 Ra6 28. b4 Rd6 29. bxc5 Bxc5+ 30. Kc1 Rd5 31. Bxc5 Rxc5 32. Ra3 a5 33. Kd2 Kf7 34. Rc3 Rd5+ 35. Rd3 Ke6 36. Rxd5 Kxd5 37. Kd3 h6 38. a3 a4 39. g3 Kc5 40. c4 Kd6 41. Kd4 c5+ 42. Ke4 h5 43. h4 Ke6 44. Kf4 Kf6 45. Ke4 Ke6 46. Kf4 Kf6 47. g4 hxg4 48. Kxg4 Kf7 49. Kf4 1/2-1/2

[Event "CZE-ch U12 Girls"]
[Site "Teplice"]
[Date "2023.03.15"]
[Round "6"]
[White "Lickova, Anna"]
[Black "Markina, Sofiia"]
[Result "0-1"]
[WhiteElo "1457"]
[BlackElo "1468"]
[PlyCount "92"]
[EventDate "2023.03.11"]
[EventType "swiss"]
[EventRounds "9"]
[EventCountry "CZE"]
[SourceTitle "CBM 213 Extra"]
[Source "ChessBase"]
[SourceDate "2023.05.31"]
[SourceVersion "1"]
[SourceVersionDate "2023.05.31"]
[SourceQuality "1"]

1. e4 c5 2. c3 Nf6 3. e5 Nd5 4. d4 cxd4 5. cxd4 e6 6. Nc3 Nc6 7. f4 d6 8. Nf3 Be7 9. Bd3 0-0 10. 0-0 h6 11. Kh1 Nxc3 12. bxc3 b6 13. Be4 Bb7 14. g4 g5 15. Qe2 gxf4 16. Bxf4 f5 17. gxf5 exf5 18. Bd5+ Kh7 19. Rg1 dxe5 20. Bxc6 Bxc6 21. Bxe5 Bf6 22. Raf1 Bxe5 23. Qxe5 Qf6 24. Qf4 Rae8 25. Re1 Re4 26. Qd2 Rxe1 27. Rxe1 Bxf3+ 28. Kg1 Rg8+ 29. Kf1 Qh4 30. Re5 Qh3+ 31. Ke1 Rg1+ 32. Kf2 Rg2+ 33. Ke1 Rxd2 34. Kxd2 Qxh2+ 35. Kc1 Be4 36. Re7+ Kg8 37. Re8+ Kf7 38. Rxe4 fxe4 39. d5 e3 40. d6 Qxd6 41. Kb2 e2 42. Kb3 e1Q 43. Kb2 Qdd2+ 44. Ka3 Qxc3+ 45. Ka4 Qe4+ 46. Kb5 Qa5# 0-1